<?xml version="1.0" encoding="UTF-8"?><?xml-stylesheet type="text/xsl" href="static/style.xsl"?><OAI-PMH xmlns="http://www.openarchives.org/OAI/2.0/" xmlns:xsi="http://www.w3.org/2001/XMLSchema-instance" xsi:schemaLocation="http://www.openarchives.org/OAI/2.0/ http://www.openarchives.org/OAI/2.0/OAI-PMH.xsd"><responseDate>2026-04-17T03:13:41Z</responseDate><request verb="GetRecord" identifier="oai:www.recercat.cat:11351/14349" metadataPrefix="marc">https://recercat.cat/oai/request</request><GetRecord><record><header><identifier>oai:recercat.cat:11351/14349</identifier><datestamp>2026-03-20T17:07:37Z</datestamp><setSpec>com_2072_378071</setSpec><setSpec>com_2072_378040</setSpec><setSpec>col_2072_378097</setSpec></header><metadata><record xmlns="http://www.loc.gov/MARC21/slim" xmlns:dcterms="http://purl.org/dc/terms/" xmlns:xsi="http://www.w3.org/2001/XMLSchema-instance" xmlns:doc="http://www.lyncode.com/xoai" xsi:schemaLocation="http://www.loc.gov/MARC21/slim http://www.loc.gov/standards/marcxml/schema/MARC21slim.xsd">
   <leader>00925njm 22002777a 4500</leader>
   <datafield ind2=" " ind1=" " tag="042">
      <subfield code="a">dc</subfield>
   </datafield>
   <datafield ind2=" " ind1=" " tag="720">
      <subfield code="a">Moreno-Martinez, David</subfield>
      <subfield code="e">author</subfield>
   </datafield>
   <datafield ind2=" " ind1=" " tag="720">
      <subfield code="a">Lucas-Del-Pozo, Sara</subfield>
      <subfield code="e">author</subfield>
   </datafield>
   <datafield ind2=" " ind1=" " tag="720">
      <subfield code="a">Lavalle, Lucia</subfield>
      <subfield code="e">author</subfield>
   </datafield>
   <datafield ind2=" " ind1=" " tag="720">
      <subfield code="a">Ramaswami, Uma</subfield>
      <subfield code="e">author</subfield>
   </datafield>
   <datafield ind2=" " ind1=" " tag="720">
      <subfield code="a">Ginsberg, Lionel</subfield>
      <subfield code="e">author</subfield>
   </datafield>
   <datafield ind2=" " ind1=" " tag="720">
      <subfield code="a">Pintos-Morell, Guillem</subfield>
      <subfield code="e">author</subfield>
   </datafield>
   <datafield ind2=" " ind1=" " tag="720">
      <subfield code="a">Derralynn A. Hughes</subfield>
      <subfield code="e">author</subfield>
   </datafield>
   <datafield ind2=" " ind1=" " tag="260">
      <subfield code="c">2026-03-19T07:49:30Z</subfield>
   </datafield>
   <datafield ind2=" " ind1=" " tag="260">
      <subfield code="c">2026-03-19T07:49:30Z</subfield>
   </datafield>
   <datafield ind2=" " ind1=" " tag="260">
      <subfield code="c">2025-11</subfield>
   </datafield>
   <datafield ind2=" " ind1=" " tag="520">
      <subfield code="a">Fabry disease; Lysosomal storage disorders; Stroke</subfield>
   </datafield>
   <datafield ind2=" " ind1=" " tag="520">
      <subfield code="a">Malaltia de Fabry; Trastorns d'emmagatzematge lisosomal; Ictus</subfield>
   </datafield>
   <datafield ind2=" " ind1=" " tag="520">
      <subfield code="a">Enfermedad de Fabry; Trastornos de almacenamiento lisosomal; Ictus</subfield>
   </datafield>
   <datafield ind2=" " ind1=" " tag="520">
      <subfield code="a">Objectives&#xd;
Risk factors for stroke in Fabry disease (FD) are not precisely known. This study presents a retrospective cohort analysis from one reference centre in the United Kingdom to determine risk factors for stroke and to develop a predictive model.&#xd;
Methods&#xd;
Patients > 18 years old were included in the study and were followed from their first visit until March 2019. The main outcome of the survival analysis was time to stroke. The independent risk factors were evaluated using a multivariate Cox regression.&#xd;
Results&#xd;
Of 414 patients, 368 were included in the survival analysis. 227 (61.7%) were female, with a median baseline age of 42.7 (IQR 27.8–54.8) for males and 39.9 (26.6–51.2) years for females. 56 (39.7%) males and 64 (28.2%) females had the N215S genotype. 41 patients had a stroke at baseline (11.2%), rising to 69 (18.8%) at the end—66.7% lacunar, 18.9% anterior circulation, 13% posterior circulation and 1.4% venous thrombosis. Median follow-up was 10.4 years. Median time to stroke in males and females was 43 (43–43) and 58 (58–59) years, respectively. In the multivariate analysis, a concomitant autoimmune disease was associated with an increased risk of stroke, while glomerular filtration rate > 90 and N215S genotype were associated with a decreased risk.&#xd;
Interpretation&#xd;
Sex was not associated with stroke, despite males being more severe. These results might help stratify patients and are of interest not only to metabolic physicians, but to general stroke physicians too.</subfield>
   </datafield>
   <datafield ind2=" " ind1=" " tag="520">
      <subfield code="a">This work was supported by “La Caixa” Foundation (ID 100010434) with fellowship code LCF/BQ/EU20/11810050, and the MPS Society UK, via the grant Causes, prevention and treatment of stroke in Fabry Disease.</subfield>
   </datafield>
   <datafield ind1="8" ind2=" " tag="024">
      <subfield code="a">https://hdl.handle.net/11351/14349</subfield>
   </datafield>
   <datafield tag="653" ind2=" " ind1=" ">
      <subfield code="a">Malalties cerebrovasculars - Diagnòstic</subfield>
   </datafield>
   <datafield tag="653" ind2=" " ind1=" ">
      <subfield code="a">Malalties cerebrovasculars - Factors de risc</subfield>
   </datafield>
   <datafield tag="653" ind2=" " ind1=" ">
      <subfield code="a">Fabry, Malaltia de</subfield>
   </datafield>
   <datafield tag="653" ind2=" " ind1=" ">
      <subfield code="a">ANALYTICAL, DIAGNOSTIC AND THERAPEUTIC TECHNIQUES, AND EQUIPMENT::Investigative Techniques::Epidemiologic Methods::Statistics as Topic::Probability::Risk::Risk Factors</subfield>
   </datafield>
   <datafield tag="653" ind2=" " ind1=" ">
      <subfield code="a">DISEASES::Nervous System Diseases::Central Nervous System Diseases::Brain Diseases::Cerebrovascular Disorders::Stroke</subfield>
   </datafield>
   <datafield tag="653" ind2=" " ind1=" ">
      <subfield code="a">Other subheadings::Other subheadings::/diagnosis</subfield>
   </datafield>
   <datafield tag="653" ind2=" " ind1=" ">
      <subfield code="a">DISEASES::Nervous System Diseases::Central Nervous System Diseases::Brain Diseases::Brain Diseases, Metabolic::Brain Diseases, Metabolic, Inborn::Lysosomal Storage Diseases, Nervous System::Sphingolipidoses::Fabry Disease</subfield>
   </datafield>
   <datafield tag="653" ind2=" " ind1=" ">
      <subfield code="a">TÉCNICAS Y EQUIPOS ANALÍTICOS, DIAGNÓSTICOS Y TERAPÉUTICOS::técnicas de investigación::métodos epidemiológicos::estadística como asunto::probabilidad::riesgo::factores de riesgo</subfield>
   </datafield>
   <datafield tag="653" ind2=" " ind1=" ">
      <subfield code="a">ENFERMEDADES::enfermedades del sistema nervioso::enfermedades del sistema nervioso central::enfermedades cerebrales::trastornos cerebrovasculares::accidente cerebrovascular</subfield>
   </datafield>
   <datafield tag="653" ind2=" " ind1=" ">
      <subfield code="a">Otros calificadores::Otros calificadores::/diagnóstico</subfield>
   </datafield>
   <datafield tag="653" ind2=" " ind1=" ">
      <subfield code="a">ENFERMEDADES::enfermedades del sistema nervioso::enfermedades del sistema nervioso central::enfermedades cerebrales::enfermedades cerebrales metabólicas::enfermedades cerebrales metabólicas congénitas::enfermedades por almacenamiento lisosómico del sistema nervioso::esfingolipidosis::enfermedad de Fabry</subfield>
   </datafield>
   <datafield ind2="0" ind1="0" tag="245">
      <subfield code="a">Stroke in Fabry Disease: Identification of Risk Factors for Stroke in a Large Single-Centre Cohort</subfield>
   </datafield>
</record></metadata></record></GetRecord></OAI-PMH>